000 00428nam a2200157 i 4500
001 90183
003 ES-MaACL
005 20230906180353.0
007 t|
008 050119s1907 sz ||||1| fre d
100 1 _aLeale, Henri.
_970983
245 1 0 _aEssai de Sociologie criminelle /
_cHenri Leale.
260 _aGenève :
_b[s.n.,
_c1907] (
_fImp. E. Chacelmontet)
300 _a211 p. ;
_c21 cm.
852 _aES-MaACL
_jF-10191
999 _c90183
_d90183